000 01261nam a2200313 a 4500
001 ebr10489656
003 CaPaEBR
006 m u
007 cr cn|||||||||
008 110901s2010 gw sb 001 0 eng d
020 _z9783836691130
020 _z9783836641135 (e-book)
040 _aCaPaEBR
_cCaPaEBR
035 _a(OCoLC)754716625
041 0 _aeng
_bger
_bfre
050 1 4 _aQA76.9.N38
_bL57 2010eb
100 1 _aLison, Pierre.
245 1 0 _aRobust processing of spoken situated dialogue
_h[electronic resource] :
_ba study in human-robot interaction /
_cPierre Lison.
260 _aHamburg :
_bDiplomica Verlag,
_cc2010.
300 _axvii, 183 p.
500 _aSummaries in German and French.
504 _aIncludes bibliographical references and index.
533 _aElectronic reproduction.
_bPalo Alto, Calif. :
_cebrary,
_d2011.
_nAvailable via World Wide Web.
_nAccess may be limited to ebrary affiliated libraries.
650 0 _aNatural language processing (Computer science)
650 0 _aAutomatic speech recognition.
655 7 _aElectronic books.
_2local
710 2 _aebrary, Inc.
856 4 0 _uhttp://site.ebrary.com/lib/rucke/Doc?id=10489656
_zAn electronic book accessible through the World Wide Web; click to view
999 _c123930
_d123930